| 000 | 01058cam a2200241 4500 | ||
|---|---|---|---|
| 001 | WB3906-02 | ||
| 008 | 030213n2003 000 0 eng u | ||
| 035 | _a(Sirsi) u121348 | ||
| 245 | _aNew construction orders: December 2002 | ||
| 260 | _c2003 | ||
| 490 |
_aDTI Press Release _v(C-0203) 13 February 2003 (2) |
||
| 520 | _aOrders in 2002 rose by 8% to orders in the previous year and orders in the fourth quarter of 2002 rose by 15% compared to the same period in 2001. There was a 10% fall in the fourth quarter of 2002 compared to the previous quarter. During 2002, there was growth in all sectors except private industrial orders. http://www.gnn.gov.uk/gnn/national.nsf/Today's+Releases+Frame/92AC867AF661818A80256CCC0036D837?opendocument | ||
| 590 | _aWB | ||
| 650 | _aCONSTRUCTION ORDERS | ||
| 650 | _aPRIVATE HOUSING | ||
| 650 |
_aInfrastructure _96246 |
||
| 650 | _aPRIVATE COMMERCIAL | ||
| 650 | _aPRIVATE INDUSTRIAL | ||
| 650 | _aPUBLIC NON-HOUSING | ||
| 650 | _aPUBLIC WORKS CONTRACTS | ||
| 690 | _aBUILT ENVIRONMENT | ||
| 942 | _n0 | ||
| 999 |
_c72114 _d72114 |
||